000 00581nam a2200217Ia 4500
005 20250508165514.0
008 008 250505s9999 xx 000 0 hin d
020 _a978-81-8361-261-7
037 _aReference
040 _aFEDL
_beng
_cFEDL
041 _ahin
_2eng
084 _a510, BHA
_qFEDL
100 _aBhagwat R M
_9606995
245 0 _aDainik jeewan mein ganit
260 _aNew Delhi, India
_bNational Books Trust
_c1999
300 _a73p.
365 _aINR
_b50
490 _aLokopayogi Vigyan
942 _cREF
_h510, BHA
999 _c1395527
_d1395527